000 00769cam a2200277Ia 4500
001 223802535
003 OCoLC
005 20170606124145.0
008 080410r20082007nyu 000 1 eng d
020 _a9780425223192 (pbk.) :
_c$9.99
020 _a0425223191 (pbk.)
040 _aBTCTA
_cBTCTA
_dBAKER
_dYDXCP
_dDMM
_dJRS
041 _aeng
043 _ae-uk-en
100 1 _aFrancis, Dick.
245 1 0 _aDead heat /
_cDick Francis and Felix Francis.
250 _aBerkley premium ed.
260 _aNew York :
_bBerkley Books,
_c2008, c2007.
300 _a404 p. ;
_c19 cm.
650 0 _aCooks
_vFiction.
650 0 _aHorse racing
_vFiction.
651 0 _aEngland
_vFiction.
655 7 _aMystery fiction.
_2gsafd.
700 1 _aFrancis, Felix.
942 _cBK
999 _c17363
_d17363